003270000a22001210004500020001800000041000800018082001700026100002000043245009400063260003000157300001200187001000600199 a84-249-1388-40 aSPA04aG 888 D5831d1 aDión de Prusa10aDiscursos XII-XXXV / Dión de Prusa ; Gonzalo del Cerro Calderón, Traducción y notas aMadrid, España : Gredos a503 Pag11184